MDQL
is popping MORE tags! Check the
thread
!
Quizzes
Events
Quiz Creation
Community
Videos
Private Events
Remove Ads
Sign In
Join for FREE
Feedback
Dark Mode
Quiz Categories
Sports
Geography
Music
Movies
Television
Just For Fun
Miscellaneous
History
Literature
Language
Science
Gaming
Entertainment
Religion
Holiday
For Kids
Quiz Lab
Recent
Popular Today
Quiz Kudos Today
Editor Picks
Curator Picks
Quizzes by...
Day
Popularity
Type
Ratings
Length
Year
Community
Subscriptions
Recent Discussions
Orange Saloon
Badges
Playlists
Quests
Create
Leaderboards
Showdown
Live 5
Trivia Bingo
Activity
Puzzle Library
Sporcle Events
Private Events
Virtual Trivia
Globe League
Become a Host
Pub Owners
SporcleCon
Opinionation
Our Games
Videos
Blog
Mobile Apps
Partnerships
Remove Ads and Go Orange
Feedback
Sports
Athletes
MLB
NBA
NHL
NFL
Soccer
Sports Teams
WWE
NCAA
Football
Premier League
Basketball
Baseball
Hockey
Golf
Tennis
Cricket
Rugby
Auto Racing
Olympics
World Cup
Sports
Athletes
MLB
NBA
NHL
NFL
Soccer
Sports Teams
WWE
NCAA
Football
Premier League
Basketball
Baseball
Hockey
Golf
Tennis
Cricket
Rugby
Auto Racing
Olympics
World Cup
Random Quiz
Search Sporcle
×
Quiz Lab
Quiz Lab
Sports
Football
Type in answers that appear in a list
Type in answers that appear in a list
Classic
Best Score? Go Orange.
Players with most games in a row in Austrian Bundesliga Stats
Can you name the Players with most games in a row in Austrian Bundesliga?
By
stadlauer
15m
93 Questions
24 Plays
24 Plays
24 Plays
Comments
Comments
Give Quiz Kudos
Give Quiz Kudos
-
- Ratings
hide this ad
More Info
Replay
Link that replays current quiz
Next Quiz
Link to next quiz in quiz playlist
You Got
0%
They Got
Avg Score
22%
Avg Friend Score
Upgrade to see
Score Distribution
Jump to the score distribution portion of the page
Score
0/93
Timer
15:00
0
Plays Today
# of games
Name
% Correct
63
Helge Payer
70.8%
101
Michael Konsel
62.5%
99
Herbert Prohaska
62.5%
68
Herbert Prohaska
62.5%
67
Michael Konsel
62.5%
81
Steffen Hofmann
54.2%
77
Szabolcs Safar
54.2%
67
Ladislav Maier
54.2%
93
Anton Pfeffer
50%
63
Dieter Ramusch
50%
148
Walter Knaller
45.8%
103
Franz Wohlfahrt
45.8%
98
Franz Wohlfahrt
45.8%
96
Wolfgang Knaller
45.8%
90
Franz Wohlfahrt
45.8%
87
Wolfgang Knaller
45.8%
80
Walter Schachner
41.7%
70
Andreas Schranz
41.7%
70
Andreas Schranz
41.7%
109
Robert Sara
37.5%
91
Robert Sara
37.5%
70
Josef Sara
37.5%
69
Thomas Gebauer
33.3%
124
Klaus Lindenberger
29.2%
89
Klaus Lindenberger
29.2%
78
Klaus Lindenberger
29.2%
78
Friedrich Koncilia
29.2%
73
Friedrich Koncilia
29.2%
122
Heinz Lindner
25%
82
Otto Konrad
25%
71
Otto Konrad
25%
# of games
Name
% Correct
69
Gerhard Rodax
25%
68
Peter Pacult
25%
104
Hubert Baumgartner
20.8%
95
Erich Obermayer
20.8%
85
Zeljko Vukovic
20.8%
81
Arnold Wetl
20.8%
74
Nikola Jurcevic
20.8%
73
Hubert Baumgartner
20.8%
70
Erich Obermayer
20.8%
63
Karl Daxbacher
20.8%
63
Karl Daxbacher
20.8%
62
Herbert Feurer
20.8%
228
Savo Ekmecic
16.7%
151
Walter Saria
16.7%
66
Marcus Pürk
16.7%
64
Heinz Binder
16.7%
61
Zlatko Kranjcar
16.7%
162
Karl Brauneder
12.5%
125
Anton Pichler
12.5%
83
Olaf Marschall
12.5%
82
Felix Gasselich
12.5%
80
Kurt Garger
12.5%
79
Rudolf Schauss
12.5%
77
Alfred Drabits
12.5%
74
Mario Zuenelli
12.5%
69
Ronald Unger
12.5%
64
Stanislav Tschertschessow
12.5%
62
Manuel Ortlechner
12.5%
62
Jürgen Säumel
12.5%
62
Thomas Flögel
12.5%
60
Thomas Flögel
12.5%
# of games
Name
% Correct
113
Jürgen Werner
8.3%
95
Geza Gallos
8.3%
88
Wilhelm Cerny
8.3%
78
Uwe Müller
8.3%
74
Werner Kriess
8.3%
71
Werner Walzer
8.3%
70
Gerhard Breitenberger
8.3%
69
Helmut Köglberger
8.3%
67
Gerhard Steinkogler
8.3%
64
Niklas Hoheneder
8.3%
64
Josef Stering
8.3%
64
Kurt Welzl
8.3%
62
Almir Tolja
8.3%
61
Geza Gallos
8.3%
112
Michael Petrovic
4.2%
108
Hannes Winklbauer
4.2%
88
Erwin Hohenwarter
4.2%
83
Erich Marko
4.2%
82
Leopold Martinschitz
4.2%
77
Michael Toppel
4.2%
77
Johannes Demantke
4.2%
76
Günther Pospischil
4.2%
72
Peter Schwarz
4.2%
68
Michael Petrovic
4.2%
65
Tomas Abraham
4.2%
65
Max Hagmayr
4.2%
64
Walter Schoppitsch
4.2%
63
Emil Krause
4.2%
61
Jaroslav Pirnus
4.2%
61
Herbert Perischa
4.2%
60
Horst Mißfeld
4.2%
Quiz Playlist
Details
Report
Send in Message
Add To Playlist
More Info:
Players with at least 60 games in a row.
Classic:
Type in answers that appear in a list
Last Updated: Feb 16, 2017
Quiz Scoreboard
CHALLENGE
Sign Up to Join the Scoreboard
Show All
Scores
Hide
Comments
May contain spoilers
Recently Published
Two Season TV Shows II
by 123Four
Television
10m
Image Sorting: Flags VI
by Barbecue
Geography
2m
Find the 'City' Movie
by crazypaving
Movies
60s
More to Explore
Quiz From the Vault
Featured Blog Post
14 Easter Pick-up Lines to Find Eggs With
hide this ad
You Might Also Like...
Tags
Football Quiz
Soccer Quiz
Austria
bundesliga
Bundesliga Players
Player
Today's Top Quizzes in Sports
Browse Sports
hide this ad
Today's Top Quizzes in Football
Browse Football
Top Contributed Quizzes in Sports
1
Les meilleurs buteurs des matchs entre le PSG et l’OM
2
Les entraîneurs de l'OM et du PSG au 21e siècle
3
2022 World Cup Stars
4
Les joueurs passés par le PSG et l'OM
5
Players with Multiple 50 Home Run Seasons
6
FIFA Club World Cup Champions
7
Criteria MLB: Left Handed Sluggers
8
Les joueurs passés par le LOSC et le RC Lens
9
Top 10 NHL Goal Scorers of All Time
10
NBA Logic Puzzle 2.0
Explore More
Trending Topics
Kpop
Marvel
Crossword
NBA
Harry Potter
Anime
Disney
Country
The Office
Soccer
Puzzle
Song
WWE
NFL
Pokémon
hide this ad
More By:
stadlauer
Quiz
Plays
Rating
Category
Featured
Created
Players of Rapid Vienna since 2000
274
Sports
Aug 11, 2016
Train Stations in Salzburg, Tyrol and Vorarlberg
88
5.00
Geography
May 31, 2017
Austrian Bundesliga Players with most caps (all-time)
79
3.00
Sports
May 31, 2017
Topscorer of Austrian Bundesliga Clubs
69
5.00
Sports
Aug 17, 2016
Austrian Bundesliga Coaches with most Points per Game
64
5.00
Sports
Aug 17, 2016
Go to Creator's Profile
Score Distribution
Quiz Creator Spotlight
stadlauer
Follow
Send a Message
Quizzes Created
-
Created Quiz Play Count
-
More By This Creator
Popular Quizzes Today
1
Find the US States - No Outlines Minefield
2
Colored Red Africa Blitz
3
Find the 'City' Movie
4
5x2 Blitz: Bands
5
The Countries of the World
6
Find the Countries of Europe - No Outlines Minefield
7
Find the US States
8
US States
More Sports Quizzes
MLB teammates era and batting leaders , same season AL
Quiz Lab
Trending Quizzes
Colored Red Europe Blitz I
Colored Red Africa Blitz II
Colored Red Europe Blitz II
Even More Two Season TV Shows
Colored Red Africa Blitz III
Recently Updated
March Madness Men's Triple Doubles
pecheneg
How Do You Spell That?
pecheneg
Godzilla Movies
pecheneg
Grab Bag: 4-10 Letters
pecheneg
2024 March Madness Bracket
pecheneg
Famous TV Couples
Peacemaker
Champions League XIs: Real Madrid
pecheneg
Largest US Cities 1790-2010
pecheneg
Rides in Walt Disney World
pecheneg
Most Oscar Losses (Acting)
pecheneg
Trending Topics
Kpop
Harry Potter
NBA
Anime
Marvel
Crossword
Disney
Soccer
The Office
WWE
Pokémon
NFL
Country
Song
Puzzle
Your Account Isn't Verified!
In order to create a playlist on Sporcle, you need to verify the email address you used during registration. Go to your
Sporcle Settings
to finish the process.
Report this User
Report this user for behavior that violates our
Community Guidelines
.
Details:
Send Report
Go to the Sporcle.com Mobile Site →
Comments